Facultad de Derecho – Universidad Nacional de Mar del Plata

Sistema de Procuración de Organos y tejidos para Trasplante Solidaridad legal vs. Cooperacion social (Record no. 4557)

MARC details
000 -CABECERA
campo de control de longitud fija 00674nam a22001577a 4500
080 ## - NUMERO DE CLASIFICACION DECIMAL UNIVERSAL (CDU)
Número de la Clasificación Decimal Universal 340.6 M 733
100 ## - ASIENTO PRINCIPAL--NOMBRE PERSONAL
Código del relacionador Autor
Nombre personal Molina, Marcelo Anselmo
245 ## - MENCION DE TITULO
Título propiamente dicho Sistema de Procuración de Organos y tejidos para Trasplante Solidaridad legal vs. Cooperacion social
300 ## - DESCRIPCION FISICA
Extensión 34 P.
500 ## - NOTA GENERAL
Nota general Director de tesis:
502 ## - NOTA DE TESIS
Nota de tesis Tesis (Especialización)--Universidad Nacional de Mar del Plata. Facultad de Derecho. Departamento de Posgrado, 2007.
504 ## - NOTA DE BIBLIOGRAFIA, ETC.
Nota de bibliografía, etc. Tiene Bibliografía: P. 33- 34.
650 ## - ASIENTO SECUNDARIO DE MATERIA - TERMINO TEMATICO
Fuente del encabezamiento o término Tesauro de Biblioteconomía y Documentación
Término temático o nombre geográfico como elemento de entrada trasplante de órganos
Subdivisión general derecho a disponer del propio cuerpo
-- donante presunto
-- derecho- deber de información
945 ## - INFORMACION DE PROCESAMIENTO LOCAL
Responsable de carga/modificación Celeste Delía
Fecha de ingreso o modificación 2017-08-08
Holdings
Retirado Perdido Dañado No se presta Ubicación permanente Locación actual Estante o sala Fecha de adquisición Enumeración, cronología para publ. seriadas Signatura topográfica Inventario Ultima fecha vista Tipo de item de Koha
        Bib. Derecho Bib. Derecho Biblioteca Graduados 08/08/2017 febrero 2007 340.6 M 733 301701 08/08/2017 Tesis de posgrado

XHTML | CSS | ©Biblioteca Central - Dto. Tecnología de la Información - [ Con tecnología Koha ]